<?xml version="1.0" encoding="UTF-8"?>
<record
    xmlns:xsi="http://www.w3.org/2001/XMLSchema-instance"
    xsi:schemaLocation="http://www.loc.gov/MARC21/slim http://www.loc.gov/standards/marcxml/schema/MARC21slim.xsd"
    xmlns="http://www.loc.gov/MARC21/slim">

  <leader>01164nam a22002417a 4500</leader>
  <controlfield tag="003">DO-SdBNP</controlfield>
  <controlfield tag="005">20230411154456.0</controlfield>
  <controlfield tag="007">ta</controlfield>
  <controlfield tag="008">220906b2013    dr ||||| |||| 00| 0 spa d</controlfield>
  <datafield tag="020" ind1=" " ind2=" ">
    <subfield code="a">9789945007794</subfield>
  </datafield>
  <datafield tag="040" ind1=" " ind2=" ">
    <subfield code="a">DO-SdBNP </subfield>
    <subfield code="b">spa</subfield>
    <subfield code="c">BNPHU </subfield>
  </datafield>
  <datafield tag="082" ind1=" " ind2="4">
    <subfield code="2">22</subfield>
  </datafield>
  <datafield tag="245" ind1="1" ind2="0">
    <subfield code="a">Juicio a Reagan : </subfield>
    <subfield code="b">tribunal Antiimperialista de Nuestra Am&#xE9;rica ; cap&#xED;tulo del Ecuador /</subfield>
    <subfield code="c">Juan Bosch ; pr&#xF3;logo Jorge N&#xFA;&#xF1;ez&#x2026; [et al.]</subfield>
  </datafield>
  <datafield tag="260" ind1=" " ind2=" ">
    <subfield code="a">Santo Domingo : </subfield>
    <subfield code="b">Fundaci&#xF3;n Juan Bosch, </subfield>
    <subfield code="c">2013.</subfield>
  </datafield>
  <datafield tag="300" ind1=" " ind2=" ">
    <subfield code="a">86 p. ;</subfield>
    <subfield code="c">23 cm. </subfield>
  </datafield>
  <datafield tag="490" ind1="1" ind2=" ">
    <subfield code="a">Bosch Vive ; </subfield>
    <subfield code="v">7</subfield>
  </datafield>
  <datafield tag="505" ind1="0" ind2=" ">
    <subfield code="a">Pr&#xF3;logo a esta nueva edici&#xF3;n --</subfield>
    <subfield code="t">Las agresiones Yanquis a Am&#xE9;rica Latina /</subfield>
    <subfield code="r">Jorge N&#xFA;&#xF1;ez --</subfield>
    <subfield code="t">Yo acuso  a Ronald  Reagan /</subfield>
    <subfield code="r">Manuel Medina Castro --</subfield>
    <subfield code="t">Guerra a muerte al imperialismo norteamericano /</subfield>
    <subfield code="r">Guillermo Torriello --</subfield>
    <subfield code="t">Nos quieren imponer un tipo de democracia /</subfield>
    <subfield code="r">Juan Bosch --</subfield>
    <subfield code="t">Reagan ha violado el derecho internacional /</subfield>
    <subfield code="r">Juan Isaac Lovato --</subfield>
    <subfield code="t">La defensa /</subfield>
    <subfield code="r">Alfonso Jara Moral </subfield>
    <subfield code="t">Veredicto: Reagan culpable.</subfield>
  </datafield>
  <datafield tag="590" ind1=" " ind2=" ">
    <subfield code="a">Inventariado, 2022 /LP

</subfield>
  </datafield>
  <datafield tag="700" ind1="1" ind2=" ">
    <subfield code="a">N&#xFA;&#xF1;ez, Jorge,</subfield>
    <subfield code="e">pr&#xF3;logo</subfield>
    <subfield code="9">82324</subfield>
  </datafield>
  <datafield tag="830" ind1=" " ind2="0">
    <subfield code="a">Bosch vive ;</subfield>
    <subfield code="n">7</subfield>
    <subfield code="9">82325</subfield>
  </datafield>
  <datafield tag="910" ind1=" " ind2=" ">
    <subfield code="a">Lop&#xE9;rez</subfield>
  </datafield>
  <datafield tag="942" ind1=" " ind2=" ">
    <subfield code="2">ddc</subfield>
    <subfield code="c">LBS1</subfield>
  </datafield>
  <datafield tag="952" ind1=" " ind2=" ">
    <subfield code="0">0</subfield>
    <subfield code="1">0</subfield>
    <subfield code="2">ddc</subfield>
    <subfield code="5">1</subfield>
    <subfield code="7">0</subfield>
    <subfield code="8">PD</subfield>
    <subfield code="a">BNPHU</subfield>
    <subfield code="b">BNPHU</subfield>
    <subfield code="c">CT</subfield>
    <subfield code="d">2022-09-06</subfield>
    <subfield code="p">2022-3877</subfield>
    <subfield code="r">2022-09-06</subfield>
    <subfield code="w">2022-09-06</subfield>
    <subfield code="y">LBS1</subfield>
  </datafield>
  <datafield tag="952" ind1=" " ind2=" ">
    <subfield code="0">0</subfield>
    <subfield code="1">0</subfield>
    <subfield code="2">ddc</subfield>
    <subfield code="5">1</subfield>
    <subfield code="7">0</subfield>
    <subfield code="8">PD</subfield>
    <subfield code="a">BNPHU</subfield>
    <subfield code="b">BNPHU</subfield>
    <subfield code="c">CT</subfield>
    <subfield code="d">2022-09-06</subfield>
    <subfield code="p">2022-3878</subfield>
    <subfield code="r">2022-09-06</subfield>
    <subfield code="t">e.2</subfield>
    <subfield code="w">2022-09-06</subfield>
    <subfield code="y">LBS1</subfield>
  </datafield>
  <datafield tag="999" ind1=" " ind2=" ">
    <subfield code="c">52359</subfield>
    <subfield code="d">52359</subfield>
  </datafield>
</record>
